Normal view
MARC view
- Linear systems
Entry Topical Term
001 - CONTROL NUMBER
- control field: 55997
003 - CONTROL NUMBER IDENTIFIER
- control field: NUST
005 - DATE AND TIME OF LATEST TRANSACTION
- control field: 20210628201616.0
008 - FIXED-LENGTH DATA ELEMENTS
- fixed length control field: 210628|| aca||aabn | a|a d
040 ## - CATALOGING SOURCE
- Original cataloging agency: NUST
- Transcribing agency: NUST
150 ## - HEADING--TOPICAL TERM
- Topical term or geographic name entry element: Linear systems
670 ## - SOURCE DATA FOUND
- Source citation: Work cat.: (NUST): Chen, Chi-Tsong. 774, Linear system theory and design , c1984.
